Bible oblige : Essai de théologie biblique (notice n° 1643474)

détails MARC
000 -LEADER
fixed length control field 01355cam a2200133 4500500
005 - DATE AND TIME OF LATEST TRANSACTION
control field 20260208000023.0
041 ## - LANGUAGE CODE
Language code of text/sound track or separate title fre
042 ## - AUTHENTICATION CODE
Authentication code dc
100 10 - MAIN ENTRY--PERSONAL NAME
Personal name Bourgine, Benoît
Relator term author
245 00 - TITLE STATEMENT
Title Bible oblige : Essai de théologie biblique
260 ## - PUBLICATION, DISTRIBUTION, ETC.
Name of publisher, distributor, etc. Éditions du Cerf,<br/>
Date of publication, distribution, etc. 2019.<br/>
520 ## - SUMMARY, ETC.
Summary, etc. La Bible s’offre à toute conscience humaine, qu’on vienne à elle par curiosité ou par soif de Dieu. En ce sens, la Bible est ouverte à une infinie variété de lectures. En un autre sens, la Bible oblige. Quiconque prétend l’expliquer doit en effet la rapporter à ce dont elle parle, à savoir Dieu et la relation qu’il instaure avec les siens. Voici le grand thème de ce livre : l’étude historique et littéraire ne suffisent pas à faire entendre la vérité de la Bible. Pour bien la comprendre, il convient de prendre acte de sa nature théologique : elle est le texte d’une révélation qui suscite chaque fois une relance de sa signification. Voilà qui oblige l’exégète et le dogmaticien à croiser leurs pas dans l’espace d’échanges de la théologie biblique, qui relie la Bible à la vie de foi aujourd’hui. Voilà pourquoi, comme le montre magnifiquement cet essai, on n’aura jamais fini de lire le Livre.
856 41 - ELECTRONIC LOCATION AND ACCESS
Uniform Resource Identifier <a href="https://shs.cairn.info/bible-oblige--9782204134385?lang=fr&redirect-ssocas=7080">https://shs.cairn.info/bible-oblige--9782204134385?lang=fr&redirect-ssocas=7080</a>

Pas d'exemplaire disponible.

PLUDOC

PLUDOC est la plateforme unique et centralisée de gestion des bibliothèques physiques et numériques de Guinée administré par le CEDUST. Elle est la plus grande base de données de ressources documentaires pour les Étudiants, Enseignants chercheurs et Chercheurs de Guinée.

Adresse

627 919 101/664 919 101

25 boulevard du commerce
Kaloum, Conakry, Guinée

Réseaux sociaux

Powered by Netsen Group @ 2025